| 000 | 01022cam a2200277 a 4500 | ||
|---|---|---|---|
| 999 |
_c126617 _d126617 |
||
| 001 | 1414575 | ||
| 003 | ARRUPE | ||
| 005 | 20170809143053.0 | ||
| 008 | 830714r19821981rh a b 000 0 eng | ||
| 010 | _a 83172624 | ||
| 020 |
_a0949932191 (unb.) : _c$1.00 |
||
| 040 |
_aDLC _cDLC _dDLC _dOCoLC |
||
| 043 | _af-rh--- | ||
| 050 | 0 | 0 |
_aDT962.42 _b.D8 1982 |
| 082 | 0 | 0 |
_a728.3/73/089963 _219 |
| 100 | 1 |
_aDu Toit, Friedrich. _934682 |
|
| 245 | 1 | 0 |
_aMusha : _bthe Shona concept of home / _cFriedrich du Toit. |
| 260 |
_aHarare, Zimbabwe : _bZimbabwe Pub. House, _c1982, c1981 |
||
| 300 |
_a15 p. : _bill. ; _c30 cm. |
||
| 440 | 0 |
_aAspects of Zimbabwe architecture ; _vno. 1 _934683 |
|
| 500 | _a"First published October 1981 in ZED--Zimbawe environment & design"--P. [2] | ||
| 504 | _aIncludes bibliographical references. | ||
| 650 | 0 |
_aShona (African people) _xDwellings. _934684 |
|
| 650 | 0 |
_aSocial life and customs _zZimbabwe. _923112 |
|
| 906 |
_a7 _bcbc _corignew _d3 _encip _f19 _gy-gencatlg |
||
| 942 |
_2lcc _cMONOGRAPH |
||